000 01242nam0a22003131 4500
001 rc\2203680
005 20110829165326.0
035 _a(NLR Aleph) 006616593
090 _a7404899
_c7404899
100 _a20110829d1979 |||y0rusy50 ca
101 0 _arus
102 _aRU
105 _ay z |||||
200 1 _aОценка и прогнозирование до 1990 г. экономического ущерба от загрязнения атмосферы
_fБалацкий О.Ф., Мельник Л.Г., кандидаты экон. наук, Богачева Н.А. к. х. н.
210 _aКиев
_cБ. и.
_d1979
215 _a13 с.
_d20
225 1 _aИнформация
_fУкр. НИИ НТИ и техн.-экон. исслед. Госплана УССР
_iНовое в науке, технике и производстве
309 _aБез тит. л. и обл.
320 _aБиблиогр.: с. 13
333 _aДСП. Экз. № 6
701 1 _aМельник
_bЛ. Г.
701 1 _aБогачева
_bН. А.
701 1 _aБалацкий
_bО. Ф.
801 0 _aRU
_bNLR
_gpsbo
801 1 _aRU
_bELAR
_2rusmarc
852 _aNLR
_j79-50К/2971
899 _aRuMoRGB
_jСХ
942 _cBOOK
980 _aNB